<?xml version="1.0" encoding="UTF-8"?>
<collection xmlns="http://www.loc.gov/MARC21/slim">
 <record>
  <leader>00477nab a2200169 i 4500</leader>
  <controlfield tag="001">bibPRO00012237</controlfield>
  <controlfield tag="008">080908s2003    xx                  hun  </controlfield>
  <datafield tag="040" ind1=" " ind2=" ">
   <subfield code="a">Sz1</subfield>
  </datafield>
  <datafield tag="041" ind1=" " ind2=" ">
   <subfield code="a">hun</subfield>
  </datafield>
  <datafield tag="100" ind1="1" ind2=" ">
   <subfield code="a">LÁSZLÓFFY Aladár</subfield>
  </datafield>
  <datafield tag="245" ind1="1" ind2="1">
   <subfield code="a">&quot;Valahol Europában&quot;. {&quot;Undeva in Europa&quot;}. [Somewhere in Europe]</subfield>
   <subfield code="c">LÁSZLÓFFY Aladár</subfield>
  </datafield>
  <datafield tag="695" ind1=" " ind2=" ">
   <subfield code="a">politikai esszé</subfield>
  </datafield>
  <datafield tag="695" ind1=" " ind2=" ">
   <subfield code="a">európaiság</subfield>
  </datafield>
  <datafield tag="695" ind1=" " ind2=" ">
   <subfield code="a">eseu politic</subfield>
  </datafield>
  <datafield tag="695" ind1=" " ind2=" ">
   <subfield code="a">europenism</subfield>
  </datafield>
  <datafield tag="695" ind1=" " ind2=" ">
   <subfield code="a">political essay</subfield>
  </datafield>
  <datafield tag="773" ind1="0" ind2=" ">
   <subfield code="t">Korunk. -</subfield>
   <subfield code="g">2003. 1, 9-11.</subfield>
  </datafield>
 </record>
</collection>
